000 00282 a2200073 4500
245 0 _aKod "Ursigram C-VII" (Instr.Techn.Nr TR-903) :
_bpowiadomienie o zaburzeniach jonosferycznych /
_cWołowski K..
710 2 _aInstytut Łączności.
_eWydawca
_4pbl
260 _aWarszawa :
_bIŁ,
_c1955.
300 _a5 s.;
_c30 cm.
999 _c14521
_d14521